|
|
|
|
| LEADER |
00000ny a22000003n 4500 |
| 005 |
2011051009109.0 |
| 008 |
080811s1975 it fr s 000 b0eng c |
| 022 |
|
|
|a 03900975 (versin̤ electrn̤ica)
|
| 035 |
|
|
|a 2176
|
| 040 |
|
|
|a UMA.RE
|d vLex
|
| 080 |
|
|
|a 004.624.(051)(0.034):34
|
| 080 |
|
|
|a 34(051)(0.034):004
|
| 090 |
|
|
|c 1538
|d 1538
|
| 245 |
0 |
0 |
|a Informatica e Diritto
|h [Recurso electrn̤ico]
|
| 256 |
|
|
|a Servicio en ln̕ea
|
| 260 |
|
|
|a Firenze :
|b ITTIG
|
| 310 |
|
|
|a Semestral
|
| 506 |
1 |
|
|a Contenido solo disponible en los productos indicados
|d vLex Global
|d vLex Global (Academic Edition, excluding Law Schools)
|d vLex Global (U.S. Academic Edition, Law Schools)
|d vLex Global (U.S. Academic Edition, excluding Law Schools)
|d vLex Global (Academic Edition, Law Schools)
|
| 650 |
0 |
4 |
|a Informt̀ica
|x Derecho
|x Publicaciones perid̤icas
|
| 710 |
2 |
|
|a L'Istituto di Teoria e Tecniche dell'Informazione Giuridica
|
| 740 |
0 |
|
|a vLex Revista (Servicios en ln̕ea)
|
| 853 |
|
|
|8 1
|i (year)
|j (month)
|k (day)
|
| 856 |
4 |
0 |
|u http://vlex.com/source/2176
|z Acceso restringido
|
| 942 |
|
|
|c REV
|